[Event "Vall del Tenes op 8th"]
[Site "Vall del Tenes"]
[Date "2019.06.07"]
[Round "6"]
[White "Argemi Camp, Jaume"]
[Black "Turon Mora, Joan"]
[Result "0-1"]
[WhiteElo "1651"]
[BlackElo "1841"]
[PlyCount "128"]
[EventDate "2019.04.26"]
[EventType "swiss"]
[EventRounds "8"]
[EventCountry "ESP"]
[SourceTitle "EXT 2020"]
[Source "ChessBase"]
[SourceDate "2019.10.17"]
[SourceVersion "1"]
[SourceVersionDate "2019.10.17"]
[SourceQuality "1"]

1. e4 c6 2. d3 d5 3. exd5 cxd5 4. g3 Nc6 5. Bg2 Nf6 6. c3 g6 7. d4 Bg7 8. Nf3 0-0 9. 0-0 Bg4 10. Qa4 Qd7 11. Bf4 Bh3 12. Nbd2 Bxg2 13. Kxg2 a6 14. Rae1 Nh5 15. Be3 b5 16. Qc2 Nf6 17. b4 Rfc8 18. Qb1 a5 19. a3 a4 20. Qd3 Rab8 21. Bf4 Rb6 22. Qe3 e6 23. Ne5 Qb7 24. Nd3 Na7 25. Nc5 Qe7 26. Nf3 Re8 27. Qe5 Nh5 28. Qe3 Nxf4+ 29. Qxf4 Nc8 30. Qg5 Qxg5 31. Nxg5 Nd6 32. Nf3 Nc4 33. Ra1 h5 34. h4 Bh6 35. Nd7 Rc8 36. Nxb6 Nxb6 37. Ng5 Rxc3 38. Rfc1 Rc4 39. Rxc4 dxc4 40. f4 Bg7 41. Nf3 Nd5 42. Kf2 Kf8 43. Ke2 Ke7 44. Kd2 Kf6 45. Kc2 Kf5 46. Re1 Kg4 47. Ng5 Bxd4 48. Nxf7 Ne3+ 49. Kc1 Kxg3 50. Ng5 Kf2 51. Rh1 Nf1 52. Rh3 Kg2 53. Kc2 Bf6 54. Rc3 Bxc3 55. Kxc3 Kg3 56. Nxe6 Kxh4 57. Nd4 Kg4 58. Nxb5 h4 59. Nd4 h3 60. Kxc4 h2 61. b5 h1Q 62. b6 Qe4 63. Kc5 Ne3 64. Nc6 Qd5+ 0-1

[Event "Vall del Tenes op 8th"]
[Site "Vall del Tenes"]
[Date "2019.05.24"]
[Round "4"]
[White "Mas Sayos, Lluis"]
[Black "Turon Mora, Joan"]
[Result "0-1"]
[WhiteElo "1695"]
[BlackElo "1841"]
[PlyCount "60"]
[EventDate "2019.04.26"]
[EventType "swiss"]
[EventRounds "8"]
[EventCountry "ESP"]
[SourceTitle "EXT 2020"]
[Source "ChessBase"]
[SourceDate "2019.10.17"]
[SourceVersion "1"]
[SourceVersionDate "2019.10.17"]
[SourceQuality "1"]

1. e4 c6 2. d4 d5 3. exd5 cxd5 4. Bd3 Nc6 5. c3 Qc7 6. Qc2 h6 7. Ne2 e6 8. Nf4 Bd6 9. g3 Nf6 10. Qe2 Nxd4 11. Qe3 Nc6 12. Na3 a6 13. Nc2 0-0 14. Bd2 e5 15. Ng2 d4 16. Qe2 Bh3 17. Be4 Nxe4 18. Qxe4 f5 19. Qd5+ Kh7 20. 0-0-0 Ne7 21. Qf3 e4 22. Qh5 Bg4 23. Qxg4 fxg4 24. Nxd4 Rxf2 25. Ne3 Be5 26. Be1 Rf6 27. Nxg4 Bxd4 28. Rxd4 Re6 29. Bf2 Rd8 30. Rb4 Nd5 0-1

[Event "Barcelona Sant Marti op 8th"]
[Site "Barcelona"]
[Date "2019.03.07"]
[Round "8"]
[White "Anguera Maestro, Jaime"]
[Black "Turon Mora, Joan"]
[Result "1/2-1/2"]
[WhiteElo "2112"]
[BlackElo "1852"]
[PlyCount "116"]
[EventDate "2019.01.17"]
[EventType "swiss"]
[EventRounds "9"]
[EventCountry "ESP"]
[SourceTitle "CBM 189 Extra"]
[Source "ChessBase"]
[SourceDate "2019.06.03"]
[SourceVersion "1"]
[SourceVersionDate "2019.06.03"]
[SourceQuality "1"]

1. d4 Nf6 2. Nf3 e6 3. Bf4 c5 4. e3 Qb6 5. b3 Nh5 6. Bg5 h6 7. Bh4 g5 8. Ne5 Nf6 9. Nc4 Qd8 10. Bg3 d5 11. Ne5 Qa5+ 12. c3 cxd4 13. exd4 Nc6 14. Nxc6 bxc6 15. Be5 Bg7 16. Bd3 Ba6 17. 0-0 Bxd3 18. Qxd3 0-0 19. Nd2 Rad8 20. b4 Qb5 21. Qxb5 cxb5 22. a4 a6 23. axb5 axb5 24. Ra5 Rc8 25. Rc1 Nd7 26. Bxg7 Kxg7 27. Rxb5 Rc6 28. Nb3 Nb6 29. Nc5 Nc4 30. Ra1 Rb6 31. Rxb6 Nxb6 32. Ra7 Re8 33. f3 Nc4 34. Rd7 Nb6 35. Rb7 Nc4 36. Nd3 Ra8 37. Ne5 Nxe5 38. dxe5 Rc8 39. b5 Rxc3 40. b6 Rc2 41. Rc7 Rb2 42. b7 Kg6 43. g4 f6 44. Re7 fxe5 45. Rxe6+ Kg7 46. Rxe5 Rxb7 47. Rxd5 Rb2 48. Rd1 Kf6 49. Rf1 Ke5 50. Rf2 Rb3 51. Kg2 Kf4 52. Rc2 Rb4 53. Rc6 Rb2+ 54. Kh3 Kxf3 55. Rf6+ Ke4 56. Rxh6 Rb3+ 57. Kg2 Rb2+ 58. Kg3 Rb3+ 1/2-1/2

[Event "Barcelona Sant Marti op 8th"]
[Site "Barcelona"]
[Date "2019.02.21"]
[Round "6"]
[White "Leon Brazao, Christian"]
[Black "Turon Mora, Joan"]
[Result "0-1"]
[WhiteElo "1700"]
[BlackElo "1852"]
[PlyCount "136"]
[EventDate "2019.01.17"]
[EventType "swiss"]
[EventRounds "9"]
[EventCountry "ESP"]
[SourceTitle "CBM 189 Extra"]
[Source "ChessBase"]
[SourceDate "2019.06.03"]
[SourceVersion "1"]
[SourceVersionDate "2019.06.03"]
[SourceQuality "1"]

1. c4 Nf6 2. g3 d5 3. Bg2 c6 4. cxd5 cxd5 5. Nf3 Nc6 6. d3 e5 7. Bg5 Be7 8. 0-0 0-0 9. Nbd2 Be6 10. a3 Qd7 11. b4 a6 12. Nb3 b6 13. Rc1 Rac8 14. d4 e4 15. Ne5 Nxe5 16. dxe5 Ng4 17. Bxe7 Qxe7 18. Qd4 Qb7 19. h3 Nh6 20. g4 Kh8 21. f4 exf3 22. exf3 Rc4 23. Rxc4 dxc4 24. f4 Qd7 25. Qxd7 Bxd7 26. Nd4 b5 27. Bb7 Bc8 28. Be4 Ng8 29. Nc6 Bb7 30. Re1 c3 31. Kf2 Rc8 32. Ne7 Nxe7 33. Bxb7 Rc4 34. Ke3 c2 35. Rc1 Rc3+ 36. Kd4 Rxa3 37. Rxc2 Kg8 38. f5 Kf8 39. Kc5 Re3 40. Kb6 Rxe5 41. Kxa6 Re3 42. Bg2 Re5 43. Rc5 Rxc5 44. bxc5 b4 45. Kb6 Ke8 46. c6 b3 47. Be4 f6 48. Kc5 Nc8 49. Kb4 b2 50. Kc3 b1Q 51. Bxb1 Ke7 52. Kb4 Kd6 53. Be4 Na7 54. c7 Kxc7 55. Kc5 Nc8 56. h4 h6 57. Bd5 Nd6 58. Kd4 Nb5+ 59. Ke3 Kd6 60. Bc4 Na3 61. Bd3 Ke5 62. Kf3 Kd4 63. Ke2 Nc4 64. Bxc4 Kxc4 65. Ke3 Kd5 66. Kf4 Kd4 67. g5 h5 68. g6 Kd5 0-1

[Event "Roncana op-A 12th"]
[Site "Santa Eulalia de Roncana"]
[Date "2018.12.01"]
[Round "8"]
[White "Pares Peris, Jordi"]
[Black "Turon Mora, Joan"]
[Result "1-0"]
[WhiteElo "2085"]
[BlackElo "1848"]
[PlyCount "81"]
[EventDate "2018.09.29"]
[EventType "swiss"]
[EventRounds "8"]
[EventCountry "ESP"]
[SourceTitle "CBM 187 Extra"]
[Source "ChessBase"]
[SourceDate "2018.11.04"]
[SourceVersion "1"]
[SourceVersionDate "2018.11.04"]
[SourceQuality "1"]

1. d4 Nf6 2. c4 e6 3. Nc3 Bb4 4. e3 c5 5. Nge2 b6 6. a3 Bxc3+ 7. Nxc3 0-0 8. Be2 Bb7 9. 0-0 d6 10. b4 Nbd7 11. Rb1 Qe7 12. f4 Ne4 13. Qc2 Nxc3 14. Qxc3 Be4 15. Ra1 f5 16. Bb2 Rf6 17. Bf3 Bxf3 18. Rxf3 Rg6 19. Rd1 Nf6 20. Qd3 Ne4 21. dxc5 dxc5 22. b5 Qh4 23. Qe2 Rd8 24. Be5 Qe7 25. Rff1 Kf8 26. a4 Rh6 27. g3 g5 28. Rxd8+ Qxd8 29. Rd1 Qe7 30. fxg5 Rg6 31. h4 Ke8 32. Kh2 h6 33. Qh5 Qf7 34. gxh6 Qh7 35. Bb8 Nc3 36. Rd6 Ke7 37. Rc6 Qxh6 38. Qxh6 Rxh6 39. Bxa7 Nxa4 40. Bxb6 Nb2 41. Bxc5+ 1-0

[Event "Santa Eulalia Vall del Tenes op 7th"]
[Site "Santa Eulalia de Roncana"]
[Date "2018.06.08"]
[Round "8.10"]
[White "Turon Mora, Joan"]
[Black "Bosch Marcet, Ramon Ma"]
[Result "1-0"]
[WhiteElo "1859"]
[BlackElo "1737"]
[PlyCount "83"]
[EventDate "2018.04.06"]
[EventType "swiss"]
[EventRounds "8"]
[EventCountry "ESP"]
[SourceTitle "EXT 2024"]
[Source "ChessBase"]
[SourceDate "2023.10.10"]
[SourceVersion "1"]
[SourceVersionDate "2023.10.10"]
[SourceQuality "1"]

1. d4 d5 2. c4 e6 3. Nc3 Nf6 4. Bg5 Be7 5. Nf3 c5 6. dxc5 dxc4 7. Qxd8+ Bxd8 8. e4 h6 9. Bh4 0-0 10. 0-0-0 Nbd7 11. Bxc4 Nxc5 12. e5 Nfd7 13. Bxd8 Rxd8 14. Rd2 a6 15. a4 b6 16. b4 b5 17. bxc5 Bb7 18. axb5 axb5 19. Bxb5 Nxc5 20. Rxd8+ Rxd8 21. Rd1 Rc8 22. Kb2 Rb8 23. Ka3 Bd5 24. Nxd5 Rxb5 25. Ne3 f6 26. Nd4 Rb6 27. Nc4 Ra6+ 28. Kb4 fxe5 29. Kxc5 exd4 30. Rxd4 Kf7 31. f4 Ra2 32. Rd2 Ra7 33. Ne5+ Kf6 34. g3 g5 35. Ng4+ Kg6 36. Rd6 Re7 37. Nxh6 Kxh6 38. f5 Kg7 39. Rxe6 Rf7 40. Rg6+ Kh7 41. Rxg5 Kh6 42. h4 1-0

[Event "Barcelona Sant Marti op 7th"]
[Site "Barcelona"]
[Date "2018.03.01"]
[Round "8"]
[White "Turon Mora, Joan"]
[Black "Mas Recorda, Pere"]
[Result "1/2-1/2"]
[WhiteElo "1822"]
[BlackElo "1899"]
[PlyCount "35"]
[EventDate "2018.01.11"]
[EventType "swiss"]
[EventRounds "9"]
[EventCountry "ESP"]
[SourceTitle "EXT 2019"]
[Source "ChessBase"]
[SourceDate "2018.10.10"]
[SourceVersion "1"]
[SourceVersionDate "2018.10.10"]
[SourceQuality "1"]

1. c4 e5 2. Nc3 Nc6 3. g3 g6 4. Bg2 Bg7 5. Nf3 d6 6. 0-0 Nge7 7. b3 0-0 8. Bb2 h6 9. e4 Bg4 10. h3 Bxf3 11. Bxf3 Nd4 12. Bg2 Qd7 13. f4 c5 14. d3 Rae8 15. Ne2 Nec6 16. Nxd4 Nxd4 17. Bxd4 exd4 18. Qd2 1/2-1/2

[Event "Vall del Tenes op 6th"]
[Site "Santa Eulalia de Roncana"]
[Date "2017.06.02"]
[Round "6"]
[White "Bouzas Arcos, Juan Manuel"]
[Black "Turon Mora, Joan"]
[Result "1-0"]
[WhiteElo "1771"]
[BlackElo "1848"]
[PlyCount "57"]
[EventDate "2017.04.21"]
[EventType "swiss"]
[EventRounds "8"]
[EventCountry "ESP"]
[SourceTitle "CBM 189 Extra"]
[Source "ChessBase"]
[SourceDate "2019.06.03"]
[SourceVersion "1"]
[SourceVersionDate "2019.06.03"]
[SourceQuality "1"]

1. e4 c6 2. d4 d5 3. Nc3 dxe4 4. Nxe4 Nd7 5. Nf3 Ngf6 6. Ng3 e6 7. Bd3 c5 8. c3 Qc7 9. 0-0 Bd6 10. Re1 0-0 11. Bc2 b6 12. Ne4 Nxe4 13. Rxe4 Bb7 14. Rh4 h6 15. Bxh6 Bxf3 16. Qxf3 f5 17. Bg5 Nf6 18. Bxf6 gxf6 19. dxc5 bxc5 20. Bb3 Kg7 21. Bxe6 Rh8 22. Rxh8 Rxh8 23. g3 f4 24. Qg4+ Kf8 25. Rd1 fxg3 26. fxg3 Qh7 27. h3 Ke7 28. Bf5 Qf7 29. Qe4+ 1-0

[Event "Vall del Tenes op 6th"]
[Site "Santa Eulalia de Roncana"]
[Date "2017.05.05"]
[Round "3"]
[White "Turon Mora, Joan"]
[Black "Argemi Camp, Jaume"]
[Result "1-0"]
[WhiteElo "1848"]
[BlackElo "1617"]
[PlyCount "129"]
[EventDate "2017.04.21"]
[EventType "swiss"]
[EventRounds "8"]
[EventCountry "ESP"]
[SourceTitle "CBM 189 Extra"]
[Source "ChessBase"]
[SourceDate "2019.06.03"]
[SourceVersion "1"]
[SourceVersionDate "2019.06.03"]
[SourceQuality "1"]

1. c4 e5 2. Nc3 g6 3. d4 exd4 4. Qxd4 Qf6 5. Qd3 c6 6. Nf3 Bg7 7. Ne4 Qd8 8. Nd6+ Kf8 9. Qa3 Qe7 10. Rb1 Na6 11. c5 Nc7 12. Bf4 Qd8 13. Ne5 Bxe5 14. Bxe5 f6 15. Bg3 Ne6 16. e3 a6 17. Bd3 Kg7 18. 0-0 Nh6 19. Rbe1 Nf7 20. Nc4 Qe7 21. b4 d6 22. Bxd6 Nxd6 23. Nxd6 Nc7 24. e4 Ne6 25. f4 Nd4 26. Qb2 Ne6 27. e5 Rf8 28. f5 Ng5 29. exf6+ Qxf6 30. Qxf6+ Kxf6 31. fxg6+ Kg7 32. Rxf8 Kxf8 33. Re8+ Kg7 34. gxh7 Nxh7 35. Bxh7 Kxh7 36. Rxc8 Ra7 37. Rc7+ Kg6 38. Rxb7 Ra8 39. Rb6 a5 40. bxa5 Rxa5 41. Rxc6 Rxa2 42. h3 Kg5 43. Kh2 Kf4 44. Nf7 Ke4 45. Rf6 Rc2 46. c6 Kd5 47. h4 Kc5 48. c7 Kb4 49. Rb6+ Ka5 50. Rb7 Ka6 51. Nd6 Rc4 52. Nxc4 Kxb7 53. h5 Kxc7 54. h6 Kc6 55. h7 Kd5 56. Nb2 Ke4 57. h8Q Kf5 58. Kg3 Kg5 59. Qe5+ Kg6 60. Nd3 Kh6 61. Qf5 Kg7 62. Qe6 Kh7 63. Qf6 Kg8 64. Qe7 Kh8 65. Nf4 1-0

[Event "Roncana op-A 10th"]
[Site "Santa Eulalia de Roncana"]
[Date "2016.11.12"]
[Round "7"]
[White "Pueyo Amoros, Pau"]
[Black "Turon Mora, Joan"]
[Result "1/2-1/2"]
[WhiteElo "1512"]
[BlackElo "1864"]
[PlyCount "80"]
[EventDate "2016.09.24"]
[EventType "swiss"]
[EventRounds "8"]
[EventCountry "ESP"]
[SourceTitle "EXT 2018"]
[Source "ChessBase"]
[SourceDate "2017.10.13"]
[SourceVersion "1"]
[SourceVersionDate "2017.10.13"]
[SourceQuality "1"]

1. d4 d5 2. c4 e6 3. Nc3 Nf6 4. cxd5 exd5 5. Bg5 Be7 6. e3 h6 7. Bh4 c6 8. Bd3 0-0 9. Nge2 Re8 10. 0-0 Ne4 11. Bxe7 Qxe7 12. Bxe4 dxe4 13. Ng3 f5 14. Nce2 Be6 15. Qc2 Na6 16. a3 Rac8 17. b4 Nc7 18. Nf4 Nd5 19. Nge2 Kh7 20. Rac1 g5 21. Nxd5 cxd5 22. Qd2 Rc4 23. Rxc4 dxc4 24. Nc3 Rd8 25. d5 Qf6 26. Rd1 a6 27. Qd4 Qxd4 28. Rxd4 Bd7 29. Rxc4 Rc8 30. Rxc8 Bxc8 31. Kf1 Kg6 32. Ke1 Kf6 33. Kd2 Ke5 34. a4 b6 35. Kc2 Bb7 36. Kb3 Bxd5+ 37. Nxd5 Kxd5 38. Kc3 f4 39. Kb3 f3 40. g3 g4 1/2-1/2

[Event "Roncana op-A 10th"]
[Site "Santa Eulalia de Roncana"]
[Date "2016.10.22"]
[Round "5"]
[White "Martin Capitan, Jesus C"]
[Black "Turon Mora, Joan"]
[Result "1/2-1/2"]
[WhiteElo "1738"]
[BlackElo "1864"]
[PlyCount "30"]
[EventDate "2016.09.24"]
[EventType "swiss"]
[EventRounds "8"]
[EventCountry "ESP"]
[SourceTitle "EXT 2018"]
[Source "ChessBase"]
[SourceDate "2017.10.13"]
[SourceVersion "1"]
[SourceVersionDate "2017.10.13"]
[SourceQuality "1"]

1. e4 d5 2. exd5 Qxd5 3. Nc3 Qd6 4. Bc4 Nf6 5. d3 c6 6. h3 Bf5 7. Nf3 h6 8. 0-0 Nbd7 9. Re1 e6 10. Qe2 Be7 11. Bd2 0-0 12. Ne5 Qxe5 13. Qxe5 Nxe5 14. Rxe5 Nd7 15. Re2 Nf6 1/2-1/2

[Event "Roncana op-A 9th"]
[Site "Santa Eulalia de Roncana"]
[Date "2015.11.21"]
[Round "7"]
[White "Prats Safont, Sergi"]
[Black "Turon Mora, Joan"]
[Result "1/2-1/2"]
[WhiteElo "1951"]
[BlackElo "2070"]
[PlyCount "43"]
[EventDate "2015.10.03"]
[EventType "swiss"]
[EventRounds "8"]
[EventCountry "ESP"]
[SourceTitle "EXT 2017"]
[Source "ChessBase"]
[SourceDate "2016.10.25"]
[SourceVersion "1"]
[SourceVersionDate "2016.10.25"]
[SourceQuality "1"]

1. e4 c6 2. d4 d5 3. Nc3 dxe4 4. Nxe4 Nd7 5. Ng5 Ngf6 6. Bd3 e6 7. N1f3 Bd6 8. Qe2 Nb6 9. 0-0 0-0 10. Ne5 h6 11. Ne4 Nbd5 12. f4 Nxe4 13. Qxe4 Nf6 14. Qf3 c5 15. Be3 Qc7 16. Qg3 cxd4 17. Bxd4 Bc5 18. Bxc5 Qxc5+ 19. Kh1 Bd7 20. Nxd7 Nxd7 21. f5 Qe5 22. Qxe5 1/2-1/2

[Event "Roncana op-A 9th"]
[Site "Santa Eulalia de Roncana"]
[Date "2015.11.07"]
[Round "5"]
[White "Serrano Moron, Eloi"]
[Black "Turon Mora, Joan"]
[Result "0-1"]
[WhiteElo "1981"]
[BlackElo "2070"]
[PlyCount "42"]
[EventDate "2015.10.03"]
[EventType "swiss"]
[EventRounds "8"]
[EventCountry "ESP"]
[SourceTitle "EXT 2017"]
[Source "ChessBase"]
[SourceDate "2016.10.25"]
[SourceVersion "1"]
[SourceVersionDate "2016.10.25"]
[SourceQuality "1"]

1. e4 c6 2. d4 d5 3. Nd2 g6 4. Ngf3 Bg7 5. e5 Bf5 6. Nb3 e6 7. Bg5 Qc7 8. Nh4 h6 9. Nxf5 exf5 10. Be3 Nd7 11. Bd3 Ne7 12. c4 dxc4 13. Bxc4 Nb6 14. Be2 0-0 15. Nc5 Ned5 16. Bd2 Rfe8 17. 0-0 Nd7 18. Nd3 Nf8 19. Nf4 Nxf4 20. Bxf4 Ne6 21. g3 Rad8 0-1

[Event "Moia op 2nd"]
[Site "Moia"]
[Date "2013.11.15"]
[Round "8"]
[White "Basas Gamazo, Josep"]
[Black "Turon Mora, Joan"]
[Result "1-0"]
[WhiteElo "1996"]
[BlackElo "1868"]
[PlyCount "65"]
[EventDate "2013.09.20"]
[EventType "swiss"]
[EventRounds "8"]
[EventCountry "ESP"]
[SourceTitle "EXT 2015"]
[Source "ChessBase"]
[SourceDate "2014.11.20"]
[SourceVersion "1"]
[SourceVersionDate "2014.11.20"]
[SourceQuality "1"]

1. e4 c6 2. d4 d5 3. exd5 cxd5 4. c4 Nf6 5. Nc3 Nc6 6. Nf3 Bg4 7. cxd5 Nxd5 8. Qb3 Bxf3 9. gxf3 e6 10. Qxb7 Nxd4 11. Bb5+ Nxb5 12. Qc6+ Ke7 13. Qxb5 Qd7 14. Bg5+ f6 15. Nxd5+ Qxd5 16. Qxd5 exd5 17. Be3 Ke6 18. 0-0-0 Bb4 19. Rhg1 Rhc8+ 20. Kb1 Rc7 21. Rg4 Rb8 22. Bf4 Bd6 23. Re1+ Be5 24. Bxe5 fxe5 25. Rg5 e4 26. fxe4 d4 27. Rc1 Rbc8 28. Rxc7 Rxc7 29. f4 g6 30. Re5+ Kf6 31. Rd5 Rc4 32. b3 Rb4 33. Kc2 1-0

[Event "Vall del Tenes op 1st"]
[Site "Vall del Tenes"]
[Date "2012.06.01"]
[Round "8"]
[White "Turon Mora, Joan"]
[Black "Flores Munoz, Daniel"]
[Result "1-0"]
[WhiteElo "1913"]
[BlackElo "1721"]
[PlyCount "111"]
[EventDate "2012.04.13"]
[EventType "swiss"]
[EventRounds "8"]
[EventCountry "ESP"]
[SourceTitle "CBM 148 Extra"]
[Source "ChessBase"]
[SourceDate "2012.06.22"]
[SourceVersion "1"]
[SourceVersionDate "2012.06.22"]
[SourceQuality "1"]

1. c4 e5 2. Nc3 Nf6 3. Nf3 d6 4. g3 Be6 5. Bg2 c6 6. b3 Be7 7. 0-0 0-0 8. d4 e4 9. Ng5 d5 10. cxd5 cxd5 11. f3 exf3 12. Bxf3 Qd7 13. Bf4 h6 14. Nxe6 Qxe6 15. Re1 Qc6 16. Rc1 Qd7 17. e4 dxe4 18. Nxe4 Nc6 19. Nxf6+ Bxf6 20. d5 Nd4 21. Bg2 Rac8 22. Be3 Rxc1 23. Qxc1 Rc8 24. Qd1 Nc2 25. Re2 Nxe3 26. Rxe3 Bg5 27. Re1 Qc7 28. Qd4 Qc5 29. Qxc5 Rxc5 30. d6 Rc1 31. Rxc1 Bxc1 32. Bxb7 Kf8 33. Kf2 Ba3 34. d7 Ke7 35. Bc6 Bc5+ 36. Kf3 Bb6 37. g4 Kd6 38. Bb5 Bc7 39. Ke4 Ke7 40. h3 Kd6 41. a4 Kc5 42. Bc4 Kd6 43. Bb5 Kc5 44. Kd3 Bd8 45. Ke4 Kd6 46. b4 Be7 47. Kd4 g6 48. a5 h5 49. gxh5 gxh5 50. Ba4 Kc7 51. b5 Bb4 52. b6+ axb6 53. axb6+ Kd8 54. Ke5 Ke7 55. Kd5 Bd6 56. d8Q+ 1-0

[Event "Vall del Tenes op 1st"]
[Site "Vall del Tenes"]
[Date "2012.05.18"]
[Round "6"]
[White "Turon Mora, Joan"]
[Black "Argemi Camp, Jaume"]
[Result "0-1"]
[WhiteElo "1913"]
[BlackElo "1645"]
[PlyCount "80"]
[EventDate "2012.04.13"]
[EventType "swiss"]
[EventRounds "8"]
[EventCountry "ESP"]
[SourceTitle "CBM 148 Extra"]
[Source "ChessBase"]
[SourceDate "2012.06.22"]
[SourceVersion "1"]
[SourceVersionDate "2012.06.22"]
[SourceQuality "1"]

1. c4 e5 2. Nc3 g6 3. Nf3 d6 4. d4 exd4 5. Nxd4 Bg7 6. e4 Nf6 7. Bg5 0-0 8. Be2 Nbd7 9. 0-0 Nc5 10. Qc2 a5 11. Rad1 Qd7 12. Ndb5 Ne6 13. Be3 Ne8 14. c5 Qe7 15. cxd6 cxd6 16. Nd5 Qd8 17. Bb6 Qd7 18. f4 f6 19. a4 Kh8 20. Bg4 Qf7 21. Rf3 Nc5 22. Bxc8 Rxc8 23. Na7 Ra8 24. Bxc5 dxc5 25. Qxc5 b6 26. Nxb6 Rxa7 27. Rfd3 Qc7 28. Qe3 Rb7 29. Nd5 Qc2 30. b3 Rxb3 31. Rxb3 Qxd1+ 32. Kf2 f5 33. Rd3 Qc2+ 34. Rd2 Qxe4 35. Qxe4 fxe4 36. Ke3 Nd6 37. Rc2 Rd8 38. Rc5 Bf8 39. Rc7 Ne8 40. Rf7 Kg8 0-1

[Event "Vall del Tenes op 1st"]
[Site "Vall del Tenes"]
[Date "2012.05.11"]
[Round "5"]
[White "Fernandez Felguera, Agustin"]
[Black "Turon Mora, Joan"]
[Result "1/2-1/2"]
[WhiteElo "1674"]
[BlackElo "1913"]
[PlyCount "155"]
[EventDate "2012.04.13"]
[EventType "swiss"]
[EventRounds "8"]
[EventCountry "ESP"]
[SourceTitle "CBM 148 Extra"]
[Source "ChessBase"]
[SourceDate "2012.06.22"]
[SourceVersion "1"]
[SourceVersionDate "2012.06.22"]
[SourceQuality "1"]

1. e4 c5 2. Nc3 Nc6 3. f4 g6 4. Nf3 Bg7 5. Bb5 d6 6. d3 Bd7 7. 0-0 e6 8. Bxc6 Bxc6 9. Qe1 Ne7 10. f5 0-0 11. Bg5 exf5 12. exf5 f6 13. Qe6+ Kh8 14. fxg6 Nxg6 15. Bd2 Re8 16. Qg4 Rg8 17. Ne4 Ne5 18. Nxe5 dxe5 19. Rf2 Bd7 20. Qh5 Be8 21. Qh4 Bc6 22. Raf1 Qe7 23. Rf5 Qf7 24. Rh5 Qg6 25. Ng3 Rad8 26. Be3 b6 27. Rf2 Rgf8 28. Nf5 Rf7 29. Bh6 Rdf8 30. Bxg7+ Rxg7 31. Nxg7 Kxg7 32. Qg3 Qxg3 33. hxg3 Kg6 34. Rhf5 Rf7 35. Kf1 Bd7 36. R5f3 Kg5 37. Ke1 h5 38. Kd2 Be6 39. a3 Bd5 40. Re3 a5 41. c4 Be6 42. Kc3 Bf5 43. b4 Bd7 44. bxc5 bxc5 45. Rb2 Bc6 46. Rb8 Rc7 47. Rg8+ Kf5 48. Rh8 Kg6 49. Rg8+ Kf7 50. Rh8 Kg6 51. Re2 Rg7 52. Rc8 Bb7 53. Rxc5 Kf5 54. Rxa5 Rxg3 55. Ra7 Bxg2 56. Rf2+ Bf3 57. c5 Ke6 58. c6 Bxc6 59. Ra6 Kd5 60. Rxf6 Bb5 61. Rfd6+ Kc5 62. Rab6 e4 63. Rh6 Bxd3 64. Rbc6+ Kb5 65. Rb6+ Ka4 66. Kb2 Be2 67. Rb4+ Ka5 68. Rxe4 Bg4 69. Rb4 Rg2+ 70. Kc3 Rg3+ 71. Kb2 Rg2+ 72. Kc3 Rg3+ 73. Kc4 Be2+ 74. Kc5 Rc3+ 75. Kd4 Rxa3 76. Rb8 Ra4+ 77. Kc5 Rc4+ 78. Kd5 1/2-1/2

[Event "Vall del Tenes op 1st"]
[Site "Vall del Tenes"]
[Date "2012.04.27"]
[Round "3"]
[White "Turon Mora, Joan"]
[Black "Gomez Benitez, David Isaac"]
[Result "0-1"]
[WhiteElo "1913"]
[BlackElo "2047"]
[PlyCount "60"]
[EventDate "2012.04.13"]
[EventType "swiss"]
[EventRounds "8"]
[EventCountry "ESP"]
[SourceTitle "CBM 148 Extra"]
[Source "ChessBase"]
[SourceDate "2012.06.22"]
[SourceVersion "1"]
[SourceVersionDate "2012.06.22"]
[SourceQuality "1"]

1. c4 e5 2. g3 Nf6 3. Bg2 d5 4. cxd5 Nxd5 5. Nc3 Nb6 6. e3 Nc6 7. Nge2 Bg4 8. 0-0 Qd7 9. Re1 Be7 10. a3 h5 11. d4 exd4 12. exd4 0-0-0 13. d5 Ne5 14. Be3 Nf3+ 15. Kh1 Nxe1 16. Qxe1 h4 17. Rc1 hxg3 18. fxg3 Bd6 19. Qf2 Qf5 20. Qxf5+ Bxf5 21. Nb5 Kb8 22. Nxd6 Rxd6 23. Bf4 Rd7 24. Nd4 Bd3 25. Rc3 Bc4 26. d6 cxd6 27. Nf5 Bd5 28. Nxd6 Bxg2+ 29. Kxg2 Nd5 30. Ne8+ Nxf4+ 0-1

[Event "Vall del Tenes op 1st"]
[Site "Vall del Tenes"]
[Date "2012.04.13"]
[Round "1"]
[White "Turon Mora, Joan"]
[Black "Alonso Liarte, Ivan"]
[Result "1-0"]
[WhiteElo "1913"]
[BlackElo "1521"]
[PlyCount "59"]
[EventDate "2012.04.13"]
[EventType "swiss"]
[EventRounds "8"]
[EventCountry "ESP"]
[SourceTitle "CBM 148 Extra"]
[Source "ChessBase"]
[SourceDate "2012.06.22"]
[SourceVersion "1"]
[SourceVersionDate "2012.06.22"]
[SourceQuality "1"]

1. d4 d5 2. c4 e6 3. Nc3 c5 4. Nf3 Nf6 5. Bg5 Nc6 6. e3 Be7 7. dxc5 Qa5 8. Qd2 Nb4 9. a3 Ne4 10. Nxe4 Nc2+ 11. Kd1 Qxd2+ 12. Nexd2 Nxa1 13. Bxe7 Kxe7 14. Kc1 Bd7 15. Kb1 Rhc8 16. Kxa1 Rxc5 17. b4 Rc7 18. Kb2 Ba4 19. Bd3 Rac8 20. Rc1 dxc4 21. Rxc4 Bc6 22. b5 Bxf3 23. Rxc7+ Rxc7 24. Nxf3 Rc5 25. a4 f5 26. Kb3 g6 27. Bc4 Kf6 28. Kb4 b6 29. Nd4 Rc7 30. Nxe6 1-0